Loading...
| Science - Chemistry | 1 | 1 | 0 | 0 | 25 | 63 | 66.00 | 0 | 2 |
| Chemistry> | 0 | 2 | 0 | 0 | 20 | 102 | 110.50 | 0 | 2 |
| Science - Physics | 0 | 2 | 0 | 1 | 20 | 110 | 122.00 | 0 | 2 |
| Social Science | 1 | 1 | 1 | 0 | 20 | 35 | 55.00 | 1 | 2 |
| History - European History | 1 | 0 | 0 | 0 | 15 | 57 | 57.00 | 0 | 1 |
| Geography | 1 | 0 | 0 | 0 | 15 | 65 | 65.00 | 1 | 1 |
| Literature - European Literature | 1 | 0 | 0 | 0 | 15 | 61 | 61.00 | 1 | 1 |
| Fine Arts - Auditory Fine Arts | 0 | 1 | 0 | 1 | 10 | 127 | 127.00 | 0 | 1 |
| Beliefs | 0 | 1 | 0 | 0 | 10 | 74 | 74.00 | 0 | 1 |
| Philosophy | 0 | 1 | 1 | 0 | 5 | 87 | 87.00 | 0 | 1 |
| Fine Arts - Visual Fine Arts | 0 | 1 | 1 | 0 | 5 | 95 | 95.00 | 0 | 1 |
| World and Other Literature | 0 | 0 | 0 | 0 | 0 | 0.00 | 0 | 0 | |
| Science - Biology | 0 | 1 | 3 | 0 | -5 | 93 | 93.00 | 0 | 1 |
| Other Science: Astronomy | 0 | 0 | 1 | 0 | -5 | 0.00 | 0 | 0 | |
| Other Arts: Visual | 0 | 0 | 1 | 0 | -5 | 0.00 | 0 | 0 | |
| Literature - British Literature | 0 | 0 | 1 | 0 | -5 | 0.00 | 0 | 0 |